000 00325nam a22001337a 4500
020 _a0521567009
040 _cNust
082 _a005.133-C
_bKAL
100 _aNoel Kalicharan
_9125395
245 _aC by Example
260 _aNew York:
_boxford University press,
_c1994.
650 _aC by Example
_9125396
942 _2ddc
_cBK
999 _c611148
_d611148